Homo religiosus: estudios sobre psicología de la religión
Wedi'i Gadw mewn:
| Prif Awdur: | |
|---|---|
| Fformat: | Llyfr |
| Iaith: | Sbaeneg |
| Cyhoeddwyd: |
Buenos Aires
Eudeba
1977
|
| Cyfres: | Temas de Eudeba
|
| Pynciau: | |
| Tagiau: |
Ychwanegu Tag
Dim Tagiau, Byddwch y cyntaf i dagio'r cofnod hwn!
|
MARC
| LEADER | 00000nam a2200000 a 4500 | ||
|---|---|---|---|
| 001 | UCW6848 | ||
| 003 | CL-VaPUC | ||
| 008 | 920612e19770000AG |||||||||||||||||spa|d | ||
| 082 | 0 | 4 | |a 200.19 |b ZUN |2 21 |
| 100 | 0 | |a Zunini, Giorgio |e author |9 311929 | |
| 245 | 1 | 0 | |a Homo religiosus: estudios sobre psicología de la religión |
| 300 | |a 267 p | ||
| 942 | |c BK | ||
| 945 | |d 19920612 00:00:00 | ||
| 260 | |a Buenos Aires |b Eudeba |c 1977 | ||
| 650 | 7 | |a PSICOLOGIA DE LA RELIGION |2 CL-VaPUC |9 310502 | |
| 583 | |a last modification |c 19920612 00:00:00 |k Rodrigo Vera | ||
| 490 | 0 | |a Temas de Eudeba | |
| 999 | |c 219769 |d 219767 | ||
| 952 | |0 0 |1 2 |4 0 |6 200_190000000000000_ZUN_1977 |7 0 |8 A |9 211082 |a BIBTEO |b BIBTEO |d 2019-11-15 |i 2917904 |o 200.19 ZUN 1977 |p 2917904 |r 2019-11-15 |w 2019-11-15 |y BK |k ICR | ||